000 00515nam a2200181Ia 4500
003 GCL
008 140319s9999 xx 000 0 ara d
040 _aGCL /
_cGCL
082 0 4 _a515.16
_bم ا
100 1 _aمحمد على اسماعيل
245 1 0 _aالمساعد فى الرياضيات /
_cمحمد على اسماعيل
700 1 _aباسم كراجه
300 _a200 ص
490 _a100 قصة
_v0
650 0 4 _aالتفاضل والتكامل
650 0 4 _aالرياضيات
942 _2ddc
_cBK
999 _c46565
_d46565